| 000 | 01707cam a2200385 4500 | ||
|---|---|---|---|
| 008 | 090401t1996 xxu||||| |||| 00| 0 eng d | ||
| 020 | _a0854067299 | ||
| 022 | _a1354-506X | ||
| 035 | _a(Sirsi) u63472 | ||
| 041 | _aeng | ||
| 050 |
_a333.33094977 _c18 |
||
| 090 | _aRICS 1996/8ABCD | ||
| 100 | _aHome, Robert | ||
| 245 |
_aTurning the fish soup into fish _btowards new land and property in Bulgaria |
||
| 260 |
_aLondon _bRICS _c1996 |
||
| 300 |
_ai, 33p. _c30cm. |
||
| 350 | _a7.95 | ||
| 490 |
_aRICS Foundation Research Papers _v1(9) |
||
| 520 | _aDiscusses the emergence of new approaches to the valuation and management of property, and the growth of a new profession of property valuers and managers. Particularly important in the reform programme has been the restitution of farmlands (formerly collectivized by state policy), and that process is analysed, together with the associated reform of cadastral and mapping organizations, and the anticipated creation of a new land registry system. The reform of local government is linked with these issues, along with the strengthening of local land use planning and environmental protection programmes. Problems associated with the consolidation of reforms initiated after 1990 are examined. | ||
| 650 | _aBULGARIA | ||
| 650 | _aCADASTRE | ||
| 650 | _aENVIRONMENTAL PROTECTION | ||
| 650 | _aLAND LAW | ||
| 650 | _aLAND REFORM | ||
| 650 | _aLAND REGISTRATION | ||
| 650 | _aPLANNING | ||
| 650 | _aPROPERTY LAW | ||
| 650 | _aPROPERTY MARKET | ||
| 690 | _aLAND | ||
| 700 | _aOuzounova, Tatiana | ||
| 700 | _aRizov, Marian | ||
| 710 |
_aRoyal Institution of Chartered Surveyors _94900 |
||
| 942 | _n0 | ||
| 948 | _c04/03/1997 | ||
| 999 |
_c94568 _d94568 |
||